000
00332nam a2200133Ia 4500
100
_a
Pappas/C.H/ Murray/W.H
942
_c
RB
654
_a
programming for windows NT.
245
_a
Applications programming for Windows N.T.
260
_b
Osborne Mc graw Hill
_a
Barkeley
_c
1993
300
_a
680
546
_a
ENGLISH
999
_c
35100
_d
35100